01001nam a22002537a 450000700030000000800410000302000180004404000140006204100090007610000220008524500560010726000300016330000230019344000700021652101000028663000240038665000170041065000120042770000280043994200080046799900170047595201270049295201280061900160617b xxu||||| |||| 00| 0 eng d a2-7462-1106-8 aBUACcBUC aFre. aChaduc, Jean-Marc aLa gestion des fréquencesc/ par Jean-Marc Chaduc aParis :bLavoisier,c2005 a353 p.c24 cm.b , a(Collection Technique et Scientifique des Télécommunications) a Sources et Bibliogr. pp. (337 - 340) ; Glossaire : pp. (341 - 349) ; Index : pp. (351 - 353) aSCIENCES APPLIQUEES aFréquence  aGestion aFavennec, Pierre-Noöl cLBA c54620d54620 00104070aBUACbBUACd2015-06-11eDon ARESf16/385l0o621.3.029 CHAp16-385Bucr2016-06-17 00:00:00t1w2016-06-17yLBA 00104070aBUACbBUACd2017-07-17eDON ARESf17/295l0o621.3.029 CHAp17-295Bucr2017-07-17 00:00:00t02w2017-07-17yLBA